Controlador lógico con enlace Wi-Fi para acceso remoto desde dispositivos iOS
Furkejuvvon:
| Váldodahkki: | |
|---|---|
| Materiálatiipa: | Girji |
| Giella: | Spanish |
| Almmustuhtton: |
[San José], Costa Rica
2013
|
| Fáttát: | |
| Fáddágilkorat: |
Lasit fáddágilkoriid
Eai fáddágilkorat, Lasit vuosttaš fáddágilkora!
|
MARC
| LEADER | 00000nam a22000007a 4500 | ||
|---|---|---|---|
| 003 | 011802 | ||
| 005 | 20230825114626.0 | ||
| 008 | 150421b2013 cr a|||| |||| 00| ||spa d | ||
| 040 | |c cru CEDI | ||
| 090 | |a TFG 6971 | ||
| 100 | |9 764 |a Solano Ocampo, Ileine | ||
| 245 | |a Controlador lógico con enlace Wi-Fi para acceso remoto desde dispositivos iOS | ||
| 260 | |a [San José], Costa Rica |c 2013 | ||
| 300 | |a xiv, 114 páginas : ilustraciones | ||
| 500 | |a Proyecto de graduación (bachillerato en ingeniería eléctrica)-- Universidad de Costa Rica. Facultad de Ingeniería. Escuela de Ingeniería Eléctrica | ||
| 501 | |a Profesor Guía de IE-0499 Proyecto Eléctrico: Ing. Geovanny Delgado M.Sc.E.E. | ||
| 650 | |x CONTROLADORES LOGICOS PROGRAMABLES |x CONTROL AUTOMATICO |x SISTEMAS DE TELECOMUNICACION |x SISTEMAS DE TRANSMISION DE DATOS |9 765 | ||
| 942 | |c CEDI | ||
| 999 | |c 13838 |d 13838 | ||
